000 00996nam a22001937a 4500
003 OSt
005 20251209102156.0
008 251209b |||||||| |||| 00| 0 eng d
040 _cDCL
082 _a၂၉၄.၃၃၆၈
100 0 _aမြင့်ရွှေ(ပေါင်းတည်)။
245 1 _aသက္ကာယဒိဋ္ဌိထောင်တွင်းမှ အကျဉ်းသားများနှင့် ဗြိတ္တာဖြစ်ရခြင်းအကြောင်း /
_cမြင့်ရွှေ(ပေါင်းတည်)။
260 _aရန်ကုန် ၊
_b[ထုတ်ဝေသူမပါ] ၊
_c[ခုနှစ်မပါ]။
300 _a၁၃၄ စာမျက်နှာ ၊
_c၂၁ စင်တီ။
650 _aဗုဒ္ဓဝတ္ထု
_xဗြိတ္တာ
650 _aဝိပဿနာ
650 _aကမ္မဋ္ဌာန်း
942 _2ddc
_cSHORT TERM
_n0
999 _c2680
_d2680